UBT Library

Farm management analysis (Record no. 43092)

000 -LEADER
fixed length control field 00588cam a22002291 4500
001 - CONTROL NUMBER
control field 10254556
005 - DATE AND TIME OF LATEST TRANSACTION
control field 20180222032243.0
008 - FIXED-LENGTH DATA ELEMENTS--GENERAL INFORMATION
fixed length control field 750822s1953 nyua 000 0 eng
010 ## - LIBRARY OF CONGRESS CONTROL NUMBER
LC control number 53007782
015 ## - NATIONAL BIBLIOGRAPHY NUMBER
National bibliography number GB54-130
035 ## - SYSTEM CONTROL NUMBER
System control number (OCoLC)1563523
040 ## - CATALOGING SOURCE
Original cataloging agency DLC
Transcribing agency FMU
Modifying agency OCoLC
-- Uk
-- DLC
041 ## - LANGUAGE CODE
Language code of text/sound track or separate title eng
042 ## - AUTHENTICATION CODE
Authentication code premarc
080 ## - UNIVERSAL DECIMAL CLASSIFICATION NUMBER
Universal Decimal Classification number 631.1
082 ## - DEWEY DECIMAL CLASSIFICATION NUMBER
Classification number 631.1 BRA
100 1# - Rafti
Rafti 53
101 ## - Shkurtesa
Shkurtesa MNG
245 10 - TITLE STATEMENT
Title Farm management analysis
Statement of responsibility, etc [by] Lawrence A. Bradford [and] Glenn L. Johnson.
906 ## - LOCAL DATA ELEMENT F, LDF (RLIN)
a 7
b cbc
c oclcrpl
d u
e ncip
f 19
g y-gencatlg
942 ## - ADDED ENTRY ELEMENTS (KOHA)
Source of classification or shelving scheme
Item type Books
Holdings
Withdrawn status Lost status Source of classification or shelving scheme Damaged status Not for loan Collection code Permanent location Current location Shelving location Date acquired Total Checkouts Full call number Barcode Date last seen Price effective from Koha item type
          Koleksioni i përgjithshem UBT - Lipjan UBT - Lipjan Koleksioni i përgjithshem 02/22/2018   631.1 BRA 002-2999789 02/22/2018 02/22/2018 Books
UBT Library © 2015-2024. All rights reserved University Education for Business and Technology